| 000 | 00000nas 2200000za 4500 |
| 001 | 9.820325 |
| 003 | CaOODSP |
| 005 | 20221107143201 |
| 007 | cr ||||||||||| |
| 008 | 160704d20162016onc x p o f0 a0eng|d |
| 040 | |aCaOODSP|beng |
| 043 | |an-cn--- |
| 086 | 1 |aXC2-421/2-2E-PDF |
| 110 | 1 |aCanada. |bParliament. |bHouse of Commons. |bSpecial Committee on Electoral Reform. |
| 245 | 10|aEvidence |h[electronic resource] / |cSpecial Committee on Electoral Reform. |
| 260 | |aOttawa : |bHouse of Commons, |c2016. |
| 310 | |aIrregular |
| 362 | 1 |aBegan with: no. 1, 1st session, 42nd Parliament (Tuesday, June 21, 2016); ceased with : no. 46, 1st session, 42nd Parliament (Wednesday, October 26, 2016). |
| 500 | |aIssued also in French under title: Témoignages / Comité spécial sur la réforme électorale. |
| 775 | 08|tTémoignage |w(CaOODSP)9.820326 |